| 000 | 00688nam a22002532a 4500 | ||
|---|---|---|---|
| 999 |
_c9925 _d9925 |
||
| 001 | 9925 | ||
| 003 | BD - JhCC | ||
| 005 | 20180403175743.0 | ||
| 008 | 180403s1973 enkao j 000 0 eng d | ||
| 020 | _a0356043428 | ||
| 035 |
_aOCLC ocm10468976 from D950427M _a(BD - JhCC)9925 |
||
| 040 |
_aCLU _cCLU _dEQO _dBD - JhCC |
||
| 041 | _aeng | ||
| 082 |
_bBEA 1973 _a001.5 |
||
| 100 | 1 |
_aBear, John, _d1938- |
|
| 245 | 1 | 0 |
_aCommunication / _c[by] John Bear |
| 260 |
_aLondon : _bMacdonald & Co, _c1973. |
||
| 300 |
_a48 p. : _bill. (chiefly col.) ; _c29 cm |
||
| 500 | _aIncludes index | ||
| 504 | _aBibliography: p. 46 | ||
| 650 | 0 | _aCommunication | |
| 942 |
_2ddc _cREF |
||